| 000 | 01078cam a22003014a 4500 | ||
|---|---|---|---|
| 001 | 13944622 | ||
| 003 | OSt | ||
| 005 | 20180227180057.0 | ||
| 008 | 050427s2004 caua b 000 0 eng | ||
| 010 | _a 2005274720 | ||
| 020 | _a1572243716 | ||
| 020 | _a9781572243712 | ||
| 040 |
_aDLC _cDLC _dDLC |
||
| 042 | _apcc | ||
| 082 | 0 | 0 |
_a302.2 _222 _bDAV 2004 |
| 100 | 1 |
_aDavis, Martha, _912494 |
|
| 245 | 1 | 4 |
_aThe messages workbook : _bpowerful strategies for effective communication at work & home / _cMartha Davis, Kim Paleg, Patrick Fanning. |
| 260 |
_aOakland, CA : _bNew Harbinger Publications, _c2004. |
||
| 300 |
_av, 232 p. : _bill. ; _c28 cm. |
||
| 440 | 2 |
_aA New Harbinger self-help workbook _912495 |
|
| 504 | _aIncludes bibliographical references (p. [231]-232). | ||
| 650 | 0 |
_aInterpersonal communication. _910023 |
|
| 700 | 1 |
_aPaleg, Kim. _912496 |
|
| 700 | 1 |
_aFanning, Patrick. _912497 |
|
| 906 |
_a7 _bcbc _corignew _d2 _encip _f20 _gy-gencatlg |
||
| 942 |
_2ddc _cO_SHELF |
||
| 999 |
_c6017 _d6017 |
||